Statystyki dla Wyrazy Gwary Śląskiej

Kliknij tutaj aby rozwiązać quiz!

Ogólne statystyki

  • Ten quiz został rozwiązany 1 486 razy
  • Średni wynik to 9 z 15

Statystyki odpowiedzi

Po ŚląskuPo Polsku% Poprawnych
DziołchaDziewczyna
95%
JaTak
94%
GalołtySpodnie
86%
GołdaćMówić
85%
BajtelDziecko
76%
BrejleOkulary
75%
CugPociąg
69%
MyckaCzapka
67%
LuftPowietrze
67%
OłmaBabcia
64%
KołoRower
51%
SzlusKoniec
25%
ApfelzinaPomarańcza
23%
DrapSzybko
15%
ZgniłyLeniwy
13%

Rozkład punktacji

Percentyl według liczby udzielonych odpowiedzi

Procent ludzi z każdym wynikiem

Twoja historia wyników

Nie rozwiązałeś tego quizu